000 01172 a2200217 4500
001 42636
005 20260407155714.0
008 260407a2017 arg spa d
003 AR-UNSa-BCEJYS
040 _aAR-UNSa-BCEJYS
_bspa
_cAR-UNSa-BCEJYS
080 _a334.713
_xPequeña industria (Pymes)
245 1 0 _aFomento para micro, pequeña y mediana empresa (MIPYME)
_paplicación de los beneficios de la Ley 27.264
020 _a978-987-01-2063-6
264 1 _aBuenos Aires :
_bErrepar
_c2017
300 _a110 p.
_c21 cm.
505 _a1. Los beneficios fiscales de la ley de fomento a las PYMES. Novedades a partir de su reglamentación / Sebastián M. Iglesias - 2. Reglamentación de beneficios para PYMES. Ley 27264 / Gabriel Larrabe y Santiago A. Sáenz Valiente - 3. Fomento a las inversiones en la ley PYME. Gestión de los beneficios impositivos / Sergio G. Dotti - 4. Programa de recuperación productiva / Horacio A. Yrigoyen - 5. REPRO. Trámite simplificado para PYMES -
041 _aspa
942 _cBK
590 _aniveau_biblio:m niveau_hierar:0
856 4 1 _uhttps://biblioeco.unsa.edu.ar/pmb/images/libros/E00064.jpg
_yImagen de portada
_qimage/jpeg
999 _c3631
_d3631